LEADER 01371nam a2200289 u 4500 001 000000023167 003 CaOOAMICUS 005 20070226111216.0 008 950524m19031909gw u000 u lat u 035 $a10581576 040 $aPUL(R)$bita 100 1 $aSanti, Francesco.$0(OLS)http://pul/name/7438 245 10$aPraelectiones Juris Canonici quas iuxta ordinem Decretalium Gregorii IX /$ctradebat in scholis ... Franciscus Santi. 250 $aEditio quarta /$bcura Martini Leitner. 260 $aRatisbonae :$bPustet,$c1903-1909. 300 $a5 v. ;$c23 cm 500 $aInclude indici. 650 4$aDiritto canonico$vManuali e compendi.$0(OLS)http://pul/subject/11542 700 1 $aLeitner, Martin.$0(OLS)http://pul/name/19571 850 $aPUL 852 $aPUL$W1$xDP1 Fondo Ciprotti$y59$m1542 B 11-12$j32483$nBK-PRI$b $qFondi$B32483$CPULBib$Z2$F32483 $H $81 852 $aPUL$W1$xDP1 Fondo Ciprotti$y59$m1542 B 11-12$j32483$nBK-PRI$b $qFondi$B32484$CPULBib$Z2$F32484 $H $81 941 1 $a1 961 $aINV: Fondo Ciprotti. Copia deteriorata 961 $aINV: Fondo Ciprotti. Copia deteriorata 996 $6245$aPraelectiones Juris Canonici quas iuxta ordinem Decretalium Gregorii IX$9(OLS)http://pul/title/32257 996 $6260$aRatisbonae :$bPustet$9(OLS)http://pul/publisher/55546 LEADER 01690nam a2200325 u 4500 001 000000064031 003 CaOOAMICUS 005 20070226121318.0 008 011112s1897 gw u000 u grc u 035 $a10909581 040 $aPUL(R)$bita 041 0 $agrc$alat 100 0 $aAmmonius Hermeiou,$dattivo secoli 5.-6.$0(OLS)http://pul/name/7140 240 10$aIn Aristotelis De interpretatione commentarius$9(Ammonius Hermeiou, sec. VI).$0(OLS)http://pul/title/85343 245 10$aAmmonius In Aristotelis De iterpretatione commentarius /$cconsilio et auctoritate Academiae litterarum Regiae Borussicae ; edidit Adolfus Busse. 260 $aBerolini :$bReimer,$c1897. 300 $aliv, 316 p. ;$c25 cm 490 1 $aCommentaria in Aristotelem graeca ;$v4, 5 500 $aInclude apparato critico. 600 04$aAristoteles,$d384-322 a.C.$tDe interpretatione$9(Aristoteles, 384-322 a.C.).$0(OLS)http://pul/subject/7097 700 1 $aBusse, Adolfus.$0(OLS)http://pul/name/43299 740 0 $aIn Aristotelis De interpretatione commentarius. 830 0$aCommentaria in Aristotelem graeca ;$v4, 5.$0(OLS)http://pul/title/26001 850 $aPUL 852 $aPUL$W1$xDP2 Filosofia 1$y62$m82 D 16$j83063$nBK-PRI$b $qStampati$B83063$CPULBib$Z2$F83063 $82 941 1 $a15 961 $aTimbri: Bibliotheca P. Athenaeum Seminarii Rom. Precedente collocazione abrasa su targhetta rettangolare bordata di azzurro. 996 $6245$aAmmonius In Aristotelis De iterpretatione commentarius$9(OLS)http://pul/title/85344 996 $6740$aIn Aristotelis De interpretatione commentarius$9(OLS)http://pul/title/85345 996 $6260$aBerolini :$bReimer$9(OLS)http://pul/publisher/55634